000 00746cam a22002533a 4500
001 13905
003 PGUSA
005 20140828083310.0
008 041031s2004||||xxu|||||s|||||000 1 eng d
040 _aPGUSA
_beng
042 _adc
050 4 _aPZ
100 1 _aBrown, Abbie Farwell,
_d1871-1927
245 1 0 _aJohn of the Woods
_h[electronic resource] /
_cAbbie Farwell Brown
260 _bProject Gutenberg,
_c2004
506 _aPublic domain in the USA.
516 _aElectronic text
653 _aHunters -- Juvenile fiction
653 _aRunaway children -- Juvenile fiction
653 _aForest animals -- Juvenile fiction
830 0 _aProject Gutenberg
_v13905
856 4 0 _uhttp://www.gutenberg.org/ebooks/13905
942 _cEB
999 _c243160
_d243160